000 00514nam a2200181Ia 4500
005 20250508151056.0
008 008 250505s9999 xx 000 0 eng d
037 _aBooks to be hide in OPAC
040 _aFEDL
_beng
_cFEDL
041 _aeng
_2eng
084 _a820.8, NIC/O
_qFEDL
100 _aNichols William Ed.
_9758346
245 0 _aWords to live by
260 _aLondon, UK
_bReinhardt and Evans Ltd.
_c1950
300 _axv,204p.
942 _cHB
_h820.8, NIC/O
999 _c1327440
_d1327440